Statistics for Countries With The Worst Education

Click here to take the quiz!

General Stats

  • This quiz has been taken 15 times
  • The average score is 8 of 20

Answer Stats

RankCountry% Correct
12Brazil
87%
11Colombia
87%
2Peru
87%
16Mexico
80%
9Argentina
67%
3Panama
67%
19Uruguay
53%
7Azerbaijan
33%
5Albania
27%
6Indonesia
27%
13Jordan
27%
10Kazakhstan
27%
4Qatar
27%
18Romania
27%
17Thailand
27%
15Trinidad And Tobago
27%
20Bulgaria
20%
1Kyrgyzstan
20%
14Montenegro
13%
8Tunesia
7%

Score Distribution

Percentile by Number Answered

Percent of People with Each Score

Your Score History

You have not taken this quiz